Dreamworks or Pixar? - Statistics

General Stats
  • This quiz has been taken 233 times
  • The average score is 13 of 15
Answer Stats
Question Answer % Correct
Kung-fu Panda Dreamworks
98%
Up Pixar
94%
Ratatouille Pixar
93%
Brave Pixar
92%
A Bug's Life Pixar
91%
The Croods Dreamworks
90%
Shark Tale Dreamworks
90%
Turning Red Pixar
90%
Antz Dreamworks
89%
Onward Pixar
88%
Over the Hedge Dreamworks
87%
The Good Dinosaur Pixar
86%
The Prince of Egypt Dreamworks
85%
Turbo Dreamworks
84%
The Wild Robot Dreamworks
84%
No matching quizzes found
Score Distribution
Percent of People with Each Score
Percentile by Number Answered
Your Score History
You have not taken this quiz